Hungarian names of slovak cities - Statistics

General Stats
  • This quiz has been taken 26 times
  • The average score is 5 of 10
Answer Stats
Hint Population Answer % Correct
2 Košice 238.000 Kassa
95%
1 Bratislava 430.000 Pozsony
95%
6 Nitra 76.500 Nyitra
71%
5 Banská Bystrica 78.000 Besztercebánya
52%
8 Trenčín 55.400 Trencsén
52%
4 Žilina 80,720 Zsolna
48%
3 Prešov 88.460 Eperjes
43%
7 Trnava 65.000 Nagyszombat
19%
10 Zvolen 42.100 Zólyom
19%
9 Martin 54.160 Turócszentmárton
10%
No matching quizzes found
Score Distribution
Percent of People with Each Score
Percentile by Number Answered
Your Score History
You have not taken this quiz